Carbon: (Record no. 1435605)

MARC details
000 -LEADER
fixed length control field 00880 a2200265 4500
005 - DATE AND TIME OF LATEST TRANSACTION
control field 20251126171741.0
008 - FIXED-LENGTH DATA ELEMENTS--GENERAL INFORMATION
fixed length control field 251126b |||||||| |||| 00| 0 eng d
020 ## - INTERNATIONAL STANDARD BOOK NUMBER
International Standard Book Number 9781509559206 (hbk)
037 ## - SOURCE OF ACQUISITION
Terms of availability TB
040 ## - CATALOGING SOURCE
Original cataloging agency AL
Transcribing agency AL
041 ## - LANGUAGE CODE
Source of code eng
Language code of text/sound track or separate title eng
084 ## - COLON CLASSIFICATION NUMBER
Classification number E140 R4
Assigning agency AL
100 ## - MAIN ENTRY--PERSONAL NAME
Personal name Bensaude-Vincent, Bernadette
9 (RLIN) 821623
245 ## - TITLE STATEMENT
Title Carbon:
Remainder of title a biography
260 ## - PUBLICATION, DISTRIBUTION, ETC.
Place of publication, distribution, etc. Cambridge, USA:
Name of publisher, distributor, etc. Polity Press,
Date of publication, distribution, etc. 2024.
300 ## - PHYSICAL DESCRIPTION
Extent xi, 284p.
365 ## - TRADE PRICE
Price amount 35.00
Currency code UKP
650 ## - SUBJECT ADDED ENTRY--TOPICAL TERM
Topical term or geographic name entry element Carbon
9 (RLIN) 853100
650 ## - SUBJECT ADDED ENTRY--TOPICAL TERM
Topical term or geographic name entry element Physics
9 (RLIN) 853101
650 ## - SUBJECT ADDED ENTRY--TOPICAL TERM
Topical term or geographic name entry element Carbon Cosmogony
9 (RLIN) 853102
700 ## - ADDED ENTRY--PERSONAL NAME
Personal name Loeve, Sacha
Relator term author.
9 (RLIN) 853103
700 ## - ADDED ENTRY--PERSONAL NAME
Personal name Mueke, Stephen
Relator term translator.
9 (RLIN) 853104
942 ## - ADDED ENTRY ELEMENTS (KOHA)
Koha item type Textbook
Source of classification or shelving scheme Colon Classification (CC)
Suppress in OPAC No
Classification part E140 R4
Holdings
Withdrawn status Lost status Source of classification or shelving scheme Damaged status Not for loan Home library Current library Date acquired Source of acquisition Cost, normal purchase price Inventory number Total Checkouts Full call number Barcode Date last seen Cost, replacement price Price effective from Koha item type
    Colon Classification (CC)     Arts Library Arts Library 2025-10-10 60/ Selectbook Service Syndicate 3345.44 553 & 2025-10-01   E140 R4 AL1804764 2025-10-10 4181.80 2025-10-10 Textbook
Copyright @ Delhi University Library System